Score 0/52 Timer 01:30
10 Plays Today
% Correct
Q - Go
99.8%
X - Go
99.5%
Q - Go
99.5%
X - Go
99.5%
A - Cho Chang...
97.4%
A - Cho Chang...
97.4%
O - Cho Chang...
97.3%
O - Cho Chang...
97.3%
E - Terry Boot...
97.3%
E - Terry Boot...
97.3%
R - Terry Boot...
97.2%
R - Terry Boot...
97.2%
H - Cho Chang...
97.2%
H - Cho Chang...
97.2%
Y - Terry Boot...
97.1%
Y - Terry Boot...
97.1%
T - Hannah Abbott...
97%
T - Hannah Abbott...
97%
N - Cho Chang...
96.6%
N - Cho Chang...
96.6%
L - Katie Bell...
96.3%
L - Katie Bell...
96.3%
G - Cho Chang...
96.1%
G - Cho Chang...
96.1%
S - Susan Bones...
96%
S - Susan Bones...
96%
% Correct
I - Katie Bell...
95.8%
I - Katie Bell...
95.8%
P - Padma Patil...
95.5%
P - Padma Patil...
95.5%
W - Fred Weasley...
95.2%
W - Fred Weasley...
95.2%
M - Padma Patil...
94.6%
M - Padma Patil...
94.6%
D - Padma Patil...
91.9%
D - Padma Patil...
91.9%
V - Parvati Patil...
88.7%
V - Parvati Patil...
88.7%
F - Fred Weasley...
87.1%
F - Fred Weasley...
87.1%
C - Cho Chang...
84.4%
C - Cho Chang...
84.4%
B - Hannah Abbott...
83%
B - Hannah Abbott...
83%
U - Susan Bones...
80.9%
U - Susan Bones...
80.9%
J - Lee Jordan...
52.9%
J - Lee Jordan...
52.9%
Z - Zacharias Smith...
42.5%
Z - Zacharias Smith...
42.5%
K - Katie Bell
41.3%
K - Katie Bell
41.3%
Come Together.
Have Fun.
All Virtual.
We all need to come together. Play Sporcle's virtual live trivia to have fun, connect with people, and get your trivia on. Join a live hosted trivia game for your favorite pub trivia experience done virtually. If a virtual private party is more your thing, go here for details.

You're not logged in!

Compare scores with friends on all Sporcle quizzes.
OR
Log In

Sporcle TV

Today on Sporcle TV


Watch our educational content, quiz creation guides, and fun videos on Sporcle TV.

Show Comments

Extras

Top Quizzes Today


Score Distribution

Paid Content

Your Account Isn't Verified!

In order to create a playlist on Sporcle, you need to verify the email address you used during registration. Go to your Sporcle Settings to finish the process.

Report this User

Report this user for behavior that violates our Community Guidelines.

Details: